<?xml version="1.0" encoding="UTF-8"?><?xml-stylesheet type="text/xsl" href="static/style.xsl"?><OAI-PMH xmlns="http://www.openarchives.org/OAI/2.0/" xmlns:xsi="http://www.w3.org/2001/XMLSchema-instance" xsi:schemaLocation="http://www.openarchives.org/OAI/2.0/ http://www.openarchives.org/OAI/2.0/OAI-PMH.xsd"><responseDate>2026-06-02T10:22:18Z</responseDate><request verb="GetRecord" identifier="oai:riuma.uma.es:10630/18321" metadataPrefix="marc">https://riuma.uma.es/rest/oai/request</request><GetRecord><record><header><identifier>oai:riuma.uma.es:10630/18321</identifier><datestamp>2026-02-03T12:01:35Z</datestamp><setSpec>com_10630_2254</setSpec><setSpec>col_10630_37959</setSpec></header><metadata><record xmlns="http://www.loc.gov/MARC21/slim" xmlns:dcterms="http://purl.org/dc/terms/" xmlns:doc="http://www.lyncode.com/xoai" xmlns:xsi="http://www.w3.org/2001/XMLSchema-instance" xsi:schemaLocation="http://www.loc.gov/MARC21/slim http://www.loc.gov/standards/marcxml/schema/MARC21slim.xsd">
   <leader>00925njm 22002777a 4500</leader>
   <datafield ind2=" " ind1=" " tag="042">
      <subfield code="a">dc</subfield>
   </datafield>
   <datafield ind2=" " ind1=" " tag="720">
      <subfield code="a">Collado-Martín, Daniel</subfield>
      <subfield code="e">author</subfield>
   </datafield>
   <datafield ind2=" " ind1=" " tag="720">
      <subfield code="a">Pérez-de-Inestrosa-Villatoro, Ezequiel</subfield>
      <subfield code="e">author</subfield>
   </datafield>
   <datafield ind2=" " ind1=" " tag="720">
      <subfield code="a">Ruiz-Sanchez, Antonio Jesus</subfield>
      <subfield code="e">author</subfield>
   </datafield>
   <datafield ind2=" " ind1=" " tag="720">
      <subfield code="a">Mayorga Mayorga, Cristobalina</subfield>
      <subfield code="e">author</subfield>
   </datafield>
   <datafield ind2=" " ind1=" " tag="720">
      <subfield code="a">Torres-Jaén, María Josefa</subfield>
      <subfield code="e">author</subfield>
   </datafield>
   <datafield ind2=" " ind1=" " tag="260">
      <subfield code="c">2019-09-11</subfield>
   </datafield>
   <datafield ind2=" " ind1=" " tag="520">
      <subfield code="a">Betalactams are the most widely utilized drugs against infections but are the primary cause of allergic reactions to&#xd;
antibiotic drugs. REF1 An accurate diagnosis of these allergic reactions to betalactams is crucial to avoid the use of&#xd;
unnecessary alternative antibiotics that may reduce efficacy, lead to prolonged treatments, have a higher toxicity or induce&#xd;
bacterial resistance. The most consensual approach to diagnose betalactam allergy are in vivo tests. However, they are not&#xd;
risky free, require experienced personnel and are both time-consuming and expensive for health-care systems, being so in&#xd;
vitro test more appropriate or complementary to the in vivo tests. In vitro tests are not still widely used on account of their&#xd;
low sensitivity. Current efforts are in progress to improve these assays, thus allowing for better diagnosis of allergic responses&#xd;
within patients. REF 2&#xd;
We report progress in the preparation of new functional materials for in vitro allergic diagnosis testing. In particular,&#xd;
the application of new approaches employing orthogonally functionalised fluorescent dyes based upon 4-amino-1,8&#xd;
naphthalimide joined with the multivalence of polyamide dendrimers. REF 3 The in vitro diagnosis capabilities of these&#xd;
functional materials was verified by testing on patient sera samples, with results demonstrating their potential for application&#xd;
within the healthcare industry.&#xd;
Acknowledgments: The present study has been supported by MINECO CTQ2016-75870P; by Andalusian Regional&#xd;
Ministry Health (grants: PI-0250-2016); by the European Regional Development Fund (ERDF) and “Plan Propio&#xd;
Universidad de Málaga” (UMA-Andalucía-TECH).</subfield>
   </datafield>
   <datafield ind1="8" ind2=" " tag="024">
      <subfield code="a">https://hdl.handle.net/10630/18321</subfield>
   </datafield>
   <datafield tag="653" ind2=" " ind1=" ">
      <subfield code="a">Alergia a los medicamentos</subfield>
   </datafield>
   <datafield ind2="0" ind1="0" tag="245">
      <subfield code="a">New Approaches in the Manufacture of Biomaterials for Betalactam Allergic Diagnose</subfield>
   </datafield>
</record>
</metadata></record></GetRecord></OAI-PMH>